000 01410nam2a2200313 4500
001 RU\NLR\BIBL_A\011743334
005 20250806210435.0
035 _a(NLR Aleph) 011743334
090 _a62676
_c62676
100 _a20250806 rusy50
101 0 _arus
102 _aRU
135 _acrgn 008anaba
200 0 _a1945, № 27 (1053) (4 июля)
210 _d1945
325 1 _aКопия доступна в электронной библиотеке РНБ
461 0 _1001RU\NLR\BIBL_A\011603756
_12001#$aПолитехник$eИздание национального исследовательского университета "Санкт-Петербургский политехнический университет Петра Великого"$v1945, № 27 (1053) (4 июля)
852 _aNLR
_jЛ477
856 0 _uhttp://vivaldi.nlr.ru/pn700002527/view
856 1 _uhttp://vivaldi.nlr.ru/pn700002527/cover
856 2 _uhttp://vivaldi.nlr.ru/pn700002527/text
901 _eГазеты
942 _cISSNP
945 _aРоссийская национальная библиотека
980 _aNB
980 _aBV
981 2 7 _a(27) Периодические издания
_b(27) Газеты